Le management en réseau (notice n° 1660377)

détails MARC
000 -LEADER
fixed length control field 01877cam a2200181 4500500
005 - DATE AND TIME OF LATEST TRANSACTION
control field 20260208013550.0
041 ## - LANGUAGE CODE
Language code of text/sound track or separate title fre
042 ## - AUTHENTICATION CODE
Authentication code dc
100 10 - MAIN ENTRY--PERSONAL NAME
Personal name Barreteau, Julien
Relator term author
245 00 - TITLE STATEMENT
Title Le management en réseau
260 ## - PUBLICATION, DISTRIBUTION, ETC.
Date of publication, distribution, etc. 2005.<br/>
500 ## - GENERAL NOTE
General note 32
520 ## - SUMMARY, ETC.
Summary, etc. Le pilotage des entreprises est l’œuvre d’un collectif de managers organisé par des outils, des méthodes et des procédures. Une enquête par entretiens réalisées auprès d’une trentaine de responsables d’entreprises en 2004-2005 signalent des évolutions notables dans la dernière décennie, tant du point de vue de l’organisation du collectif de managers que de celui des instruments qui l’équipent. En ce qui concerne la morphologie du collectif, on assiste à l’éclatement de la gestion locale, qui conduit à la montée du pilotage par les standards et au foisonnement des groupes projets. L’évolution principale dans les instruments et outils du management est liée à l’informatisation de l’activité de pilotage.
520 ## - SUMMARY, ETC.
Summary, etc. NETWORKED MANAGEMENT Corporate management is the work of a management collective organized by means of tools, methods and procedures. An interview survey in 2004-2005 on thirty managers reveals noteworthy trends over the past ten years, from the point of view of organization of the management collective and of the instruments equipping it. As regards the morphology of this collective, we are witnessing a fragmentation of local management that is leading to the rise of steering by standards and the proliferation of project groups. The main development in management instruments and tools is related to computerization.
700 10 - ADDED ENTRY--PERSONAL NAME
Personal name Crague, Gilles
Relator term author
786 0# - DATA SOURCE ENTRY
Note Réseaux | 134 | 6 | 2005-12-01 | p. 193-220 | 0751-7971
856 41 - ELECTRONIC LOCATION AND ACCESS
Uniform Resource Identifier <a href="https://shs.cairn.info/revue-reseaux1-2005-6-page-193?lang=fr&redirect-ssocas=7080">https://shs.cairn.info/revue-reseaux1-2005-6-page-193?lang=fr&redirect-ssocas=7080</a>

Pas d'exemplaire disponible.

PLUDOC

PLUDOC est la plateforme unique et centralisée de gestion des bibliothèques physiques et numériques de Guinée administré par le CEDUST. Elle est la plus grande base de données de ressources documentaires pour les Étudiants, Enseignants chercheurs et Chercheurs de Guinée.

Adresse

627 919 101/664 919 101

25 boulevard du commerce
Kaloum, Conakry, Guinée

Réseaux sociaux

Powered by Netsen Group @ 2025